LEADER 00860nam--2200325---450- 001 990005774910203316 005 20121031143840.0 010 $a88-14-17484-9 035 $a000577491 035 $aUSA01000577491 035 $a(ALEPH)000577491USA01 035 $a000577491 100 $a20121031d2012----km-y0itay50------ba 101 $aita 102 $aIT 105 $a||||||||001yy 200 1 $a<> forma delle leggi$fVittorio Italia 210 $aMilano$cGiuffré$d2012 215 $a115 p.$d24 cm 606 0 $aLeggi$2BNCF 676 $a348.02 700 1$aITALIA,$bVittorio$0334403 801 0$aIT$bsalbc$gISBD 912 $a990005774910203316 951 $aXXIV.2.C. 125$b74901 G.$cXXIV.2.C.$d00317194 959 $aBK 969 $aGIU 979 $aCHIARA$b90$c20121031$lUSA01$h1438 996 $aForma delle leggi$9847757 997 $aUNISA LEADER 01782oam 2200529 a 450 001 9910708213303321 005 20170913161614.0 035 $a(CKB)3710000000326616 035 $a(OCoLC)795622011$z(OCoLC)654666890$z(OCoLC)798553931 035 $a(EXLCZ)993710000000326616 100 $a20120615d1996 ua 0 101 0 $aeng 135 $aurbn||||||abp 135 $aurbn||||||ada 181 $ctxt$2rdacontent 182 $cc$2rdamedia 183 $acr$2rdacarrier 200 10$aActions taken by five cities to restore their financial health $ehearing before the Subcommittee on the District of Columbia of the Committee on Government Reform and Oversight, House of Representatives, One Hundred Fourth Congress, first session, March 2, 1995 210 1$aWashington :$cU.S. G.P.O.,$d1995 [that is, 1996] 215 $a1 online resource (iii, 83 pages) 320 $aIncludes bibliographical references. 606 $aMunicipal finance$zUnited States 606 $aMunicipal default$zUnited States 606 $aEconomic history$2fast 606 $aMunicipal default$2fast 606 $aMunicipal finance$2fast 607 $aWashington (D.C.)$xEconomic conditions 607 $aUnited States$2fast 607 $aWashington (D.C.)$2fast 615 0$aMunicipal finance 615 0$aMunicipal default 615 7$aEconomic history. 615 7$aMunicipal default. 615 7$aMunicipal finance. 801 0$bOCLCE 801 1$bOCLCE 801 2$bOCLCO 801 2$bOCLCQ 801 2$bOCLCF 801 2$bOCLCQ 801 2$bOCLCO 801 2$bOCLCQ 801 2$bGPO 906 $aBOOK 912 $a9910708213303321 996 $aActions taken by five cities to restore their financial health$93521137 997 $aUNINA